| 000 | 00599 a2200205 4500 | ||
|---|---|---|---|
| 001 | 56668 | ||
| 005 | 20260407155830.0 | ||
| 008 | 260407a1974 arg spa d | ||
| 003 | AR-UNSa-BCEJYS | ||
| 040 |
_aAR-UNSa-BCEJYS _bspa _cAR-UNSa-BCEJYS |
||
| 080 |
_a930.85 _xHistoria de la civilización. Historia de la cultura |
||
| 245 | 1 | 0 | _aLos Condenados de la Tierra |
| 250 | _a2a. ed. | ||
| 264 | 1 |
_aMéxico : _bFondo de Cultura Económica _c1974 |
|
| 300 |
_a300 p. _c17 cm. |
||
| 942 | _cBK | ||
| 590 | _aniveau_biblio:m niveau_hierar:0 | ||
| 100 | 1 | _aFanon, Franztz | |
| 700 | 1 | _aCampos, Julieta | |
| 999 |
_c6006 _d6006 |
||